Advanced machine learning with python : (Record no. 196787)

MARC details
000 -LEADER
fixed length control field 00772nam a2200217Ia 4500
005 - DATE AND TIME OF LATEST TRANSACTION
control field 20251128143523.0
008 - FIXED-LENGTH DATA ELEMENTS--GENERAL INFORMATION
fixed length control field 210716s2016 xx 000 0 und d
020 ## - INTERNATIONAL STANDARD BOOK NUMBER
International Standard Book Number 9781784398637
040 ## - CATALOGING SOURCE
Transcribing agency AIMIT LIBRARY
041 ## - LANGUAGE CODE
Language code of text/sound track or separate title eng
082 ## - DEWEY DECIMAL CLASSIFICATION NUMBER
Classification number 006.31
Edition number 1
Item number HEAJ
100 ## - MAIN ENTRY--PERSONAL NAME
Personal name Hearty, John.
9 (RLIN) 247137
245 ## - TITLE STATEMENT
Title Advanced machine learning with python :
Remainder of title solve challenging data science problems by mastering cutting edge machine learning techniques in python /
Statement of responsibility, etc. By John Hearty.
250 ## - EDITION STATEMENT
Edition statement 1st ed.
260 ## - PUBLICATION, DISTRIBUTION, ETC.
Place of publication, distribution, etc. Mumbai :
Date of publication, distribution, etc. 2016.
Name of publisher, distributor, etc. Packet Publishing ,
300 ## - PHYSICAL DESCRIPTION
Extent xii,254p. ;
Other physical details PB
Dimensions 23.9 cm
650 ## - SUBJECT ADDED ENTRY--TOPICAL TERM
Topical term or geographic name entry element Stacked denosing autoencoders
9 (RLIN) 247138
650 ## - SUBJECT ADDED ENTRY--TOPICAL TERM
Topical term or geographic name entry element Features engineering
9 (RLIN) 247139
650 ## - SUBJECT ADDED ENTRY--TOPICAL TERM
Topical term or geographic name entry element Ensemble methods
9 (RLIN) 247140
942 ## - ADDED ENTRY ELEMENTS (KOHA)
Source of classification or shelving scheme Dewey Decimal Classification
Koha item type Book
Edition 1st
Call number prefix 005.31 HEAJ
Holdings
Withdrawn status Lost status Source of classification or shelving scheme Damaged status Not for loan Collection code Home library Current library Source of acquisition Cost, normal purchase price Inventory number Total Checkouts Full call number Barcode Date last seen Cost, replacement price Price effective from Koha item type
    Dewey Decimal Classification     MCA St Aloysius Institute of Management & Information Technology St Aloysius Institute of Management & Information Technology Knowledge World 799.00 Bill no:501; Bill dt:2018-03-05   006.31 HEAJ MCA15634 05/23/2026 623.22 07/16/2021 Book
    Dewey Decimal Classification     MCA St Aloysius Institute of Management & Information Technology St Aloysius Institute of Management & Information Technology Knowledge World 799.00 Bill no:603; Bill dt:2019-01-28   006.31 HEAJ MCA16302 05/23/2026 599.25 07/16/2021 Book